<?xml version="1.0" encoding="UTF-8"?>
<collection xmlns="http://www.loc.gov/MARC21/slim">
 <record>
  <leader>04860cam a2200721   4500</leader>
  <controlfield tag="001">172515322X</controlfield>
  <controlfield tag="003">DE-627</controlfield>
  <controlfield tag="005">20240212080927.0</controlfield>
  <controlfield tag="007">tu</controlfield>
  <controlfield tag="008">200720s2020    gw |||||      00| ||ger c</controlfield>
  <datafield tag="020" ind1=" " ind2=" ">
   <subfield code="a">9783865257833</subfield>
   <subfield code="9">978-3-86525-783-3</subfield>
  </datafield>
  <datafield tag="024" ind1="3" ind2=" ">
   <subfield code="a">9783865257833</subfield>
  </datafield>
  <datafield tag="035" ind1=" " ind2=" ">
   <subfield code="a">(DE-627)172515322X</subfield>
  </datafield>
  <datafield tag="035" ind1=" " ind2=" ">
   <subfield code="a">(DE-599)KXP172515322X</subfield>
  </datafield>
  <datafield tag="035" ind1=" " ind2=" ">
   <subfield code="a">(OCoLC)1227931484</subfield>
  </datafield>
  <datafield tag="040" ind1=" " ind2=" ">
   <subfield code="a">DE-627</subfield>
   <subfield code="b">ger</subfield>
   <subfield code="c">DE-627</subfield>
   <subfield code="e">rda</subfield>
  </datafield>
  <datafield tag="041" ind1=" " ind2=" ">
   <subfield code="a">ger</subfield>
  </datafield>
  <datafield tag="044" ind1=" " ind2=" ">
   <subfield code="c">XA-DE</subfield>
  </datafield>
  <datafield tag="082" ind1="0" ind2=" ">
   <subfield code="a">111.85</subfield>
   <subfield code="q">DE-101</subfield>
  </datafield>
  <datafield tag="082" ind1="0" ind2=" ">
   <subfield code="a">781.22401</subfield>
   <subfield code="q">DE-101</subfield>
  </datafield>
  <datafield tag="082" ind1="0" ind2="4">
   <subfield code="a">100</subfield>
   <subfield code="a">700</subfield>
   <subfield code="a">800</subfield>
   <subfield code="q">DE-101</subfield>
  </datafield>
  <datafield tag="084" ind1=" " ind2=" ">
   <subfield code="a">KUNST</subfield>
   <subfield code="q">DE-16</subfield>
   <subfield code="2">fid</subfield>
  </datafield>
  <datafield tag="084" ind1=" " ind2=" ">
   <subfield code="a">AP 84050</subfield>
   <subfield code="2">rvk</subfield>
   <subfield code="0">(DE-625)rvk/8030:</subfield>
  </datafield>
  <datafield tag="084" ind1=" " ind2=" ">
   <subfield code="a">LR 55257</subfield>
   <subfield code="2">rvk</subfield>
   <subfield code="0">(DE-625)rvk/109749:13535</subfield>
  </datafield>
  <datafield tag="084" ind1=" " ind2=" ">
   <subfield code="a">EC 5410</subfield>
   <subfield code="2">rvk</subfield>
   <subfield code="0">(DE-625)rvk/20606:</subfield>
  </datafield>
  <datafield tag="084" ind1=" " ind2=" ">
   <subfield code="a">20.06</subfield>
   <subfield code="2">bkl</subfield>
  </datafield>
  <datafield tag="084" ind1=" " ind2=" ">
   <subfield code="a">24.75</subfield>
   <subfield code="2">bkl</subfield>
  </datafield>
  <datafield tag="245" ind1="1" ind2="0">
   <subfield code="a">Denkfigur Rhythmus</subfield>
   <subfield code="b">Probleme und Potenziale des Rhythmusbegriffs in den Künsten</subfield>
   <subfield code="c">Boris Roman Gibhardt (Hrsg.)</subfield>
  </datafield>
  <datafield tag="250" ind1=" " ind2=" ">
   <subfield code="a">1. Auflage</subfield>
  </datafield>
  <datafield tag="264" ind1=" " ind2="1">
   <subfield code="a">Hannover</subfield>
   <subfield code="b">Wehrhahn Verlag</subfield>
   <subfield code="c">2020</subfield>
  </datafield>
  <datafield tag="300" ind1=" " ind2=" ">
   <subfield code="a">240 Seiten</subfield>
   <subfield code="b">Illustrationen</subfield>
  </datafield>
  <datafield tag="336" ind1=" " ind2=" ">
   <subfield code="a">Text</subfield>
   <subfield code="b">txt</subfield>
   <subfield code="2">rdacontent</subfield>
  </datafield>
  <datafield tag="337" ind1=" " ind2=" ">
   <subfield code="a">ohne Hilfsmittel zu benutzen</subfield>
   <subfield code="b">n</subfield>
   <subfield code="2">rdamedia</subfield>
  </datafield>
  <datafield tag="338" ind1=" " ind2=" ">
   <subfield code="a">Band</subfield>
   <subfield code="b">nc</subfield>
   <subfield code="2">rdacarrier</subfield>
  </datafield>
  <datafield tag="490" ind1="1" ind2=" ">
   <subfield code="a">Ästhetische Eigenzeiten</subfield>
   <subfield code="v">Band 18</subfield>
  </datafield>
  <datafield tag="520" ind1=" " ind2=" ">
   <subfield code="a">In jüngeren geisteswissenschaftlichen Debatten hat der Rhythmusbegriff eine neue Aufmerksamkeit erfahren; dabei wurden und werden oft historische Konzeptionen der Rede von Rhythmen herangezogen, um zu einem für heutige Fragen anschließbaren Rhythmusbegriff zu gelangen. Ob sich auf diese Weise ein tragfähiges Konzept der Rede von Rhythmen, gerade für die Analyse von Zeit und Darstellung in Text- und Bildkünsten, gewinnen lässt, dürfte aber nicht gesichert sein. Denn in den historischen Verwendungen des Rhythmus-Begriffs vor allem um 1900 wurden zwar immer wieder grundsätzliche Muster der zeitlichen, räumlichen oder körperlichen Wahrnehmung verhandelt, zugleich aber sperren sich diese Konzeptionen auf bemerkenswerte Weise dagegen, in einen systematischen Begriff zu münden.</subfield>
  </datafield>
  <datafield tag="583" ind1="1" ind2=" ">
   <subfield code="a">Archivierung/Langzeitarchivierung gewährleistet</subfield>
   <subfield code="f">FID</subfield>
   <subfield code="2">pdager</subfield>
   <subfield code="5">DE-16</subfield>
  </datafield>
  <datafield tag="655" ind1=" " ind2="7">
   <subfield code="a">Konferenzschrift</subfield>
   <subfield code="y">2018</subfield>
   <subfield code="z">Bielefeld</subfield>
   <subfield code="0">(DE-588)1071861417</subfield>
   <subfield code="0">(DE-627)826484824</subfield>
   <subfield code="0">(DE-576)433375485</subfield>
   <subfield code="2">gnd-content</subfield>
  </datafield>
  <datafield tag="689" ind1="0" ind2="0">
   <subfield code="d">s</subfield>
   <subfield code="0">(DE-588)4132330-0</subfield>
   <subfield code="0">(DE-627)10568855X</subfield>
   <subfield code="0">(DE-576)209634669</subfield>
   <subfield code="a">Rhythmus</subfield>
   <subfield code="2">gnd</subfield>
  </datafield>
  <datafield tag="689" ind1="0" ind2="1">
   <subfield code="d">s</subfield>
   <subfield code="0">(DE-588)4005248-5</subfield>
   <subfield code="0">(DE-627)106382365</subfield>
   <subfield code="0">(DE-576)208859918</subfield>
   <subfield code="a">Begriff</subfield>
   <subfield code="2">gnd</subfield>
  </datafield>
  <datafield tag="689" ind1="0" ind2="2">
   <subfield code="d">s</subfield>
   <subfield code="0">(DE-588)4134190-9</subfield>
   <subfield code="0">(DE-627)105674532</subfield>
   <subfield code="0">(DE-576)209650206</subfield>
   <subfield code="a">Zeitlichkeit</subfield>
   <subfield code="2">gnd</subfield>
  </datafield>
  <datafield tag="689" ind1="0" ind2="3">
   <subfield code="d">s</subfield>
   <subfield code="0">(DE-588)4033422-3</subfield>
   <subfield code="0">(DE-627)106257315</subfield>
   <subfield code="0">(DE-576)209001933</subfield>
   <subfield code="a">Künste</subfield>
   <subfield code="2">gnd</subfield>
  </datafield>
  <datafield tag="689" ind1="0" ind2="4">
   <subfield code="d">s</subfield>
   <subfield code="0">(DE-588)4000626-8</subfield>
   <subfield code="0">(DE-627)106400541</subfield>
   <subfield code="0">(DE-576)208838821</subfield>
   <subfield code="a">Ästhetik</subfield>
   <subfield code="2">gnd</subfield>
  </datafield>
  <datafield tag="689" ind1="0" ind2=" ">
   <subfield code="5">DE-101</subfield>
  </datafield>
  <datafield tag="700" ind1="1" ind2=" ">
   <subfield code="a">Gibhardt, Boris Roman</subfield>
   <subfield code="d">1980-</subfield>
   <subfield code="e">HerausgeberIn</subfield>
   <subfield code="0">(DE-588)135943876</subfield>
   <subfield code="0">(DE-627)573391904</subfield>
   <subfield code="0">(DE-576)300736460</subfield>
   <subfield code="4">edt</subfield>
  </datafield>
  <datafield tag="787" ind1="0" ind2="8">
   <subfield code="i">Rezensiert in</subfield>
   <subfield code="a">Preiß, Judith, 1983 - </subfield>
   <subfield code="t">[Rezension von: Boris Roman Gibhardt (Hrsg.), Denkfigur Rhythmus. Probleme und Potenziale des Rhythmusbegriffs in den Künsten]</subfield>
   <subfield code="d">2021</subfield>
   <subfield code="w">(DE-627)1838116028</subfield>
  </datafield>
  <datafield tag="830" ind1=" " ind2="0">
   <subfield code="a">Ästhetische Eigenzeiten</subfield>
   <subfield code="v">Band 18</subfield>
   <subfield code="9">18</subfield>
   <subfield code="w">(DE-627)779397789</subfield>
   <subfield code="w">(DE-576)401685934</subfield>
   <subfield code="w">(DE-600)2758259-0</subfield>
   <subfield code="x">2510-912X</subfield>
   <subfield code="7">ns</subfield>
  </datafield>
  <datafield tag="856" ind1="4" ind2="2">
   <subfield code="u">https://d-nb.info/1223474011/04</subfield>
   <subfield code="m">B:DE-101</subfield>
   <subfield code="q">application/pdf</subfield>
   <subfield code="v">2021-04-21</subfield>
   <subfield code="x">Verlag</subfield>
   <subfield code="3">Inhaltsverzeichnis</subfield>
  </datafield>
  <datafield tag="856" ind1="4" ind2="2">
   <subfield code="u">https://swbplus.bsz-bw.de/bsz172515322Xrez.htm</subfield>
   <subfield code="m">V:DE-576;B:DE-16</subfield>
   <subfield code="q">application/pdf</subfield>
   <subfield code="v">20210525193245</subfield>
   <subfield code="3">Rezension</subfield>
  </datafield>
  <datafield tag="935" ind1=" " ind2=" ">
   <subfield code="a">IHoeB</subfield>
  </datafield>
  <datafield tag="936" ind1="r" ind2="v">
   <subfield code="a">AP 84050</subfield>
   <subfield code="b">Gymnastik, Rhythmik</subfield>
   <subfield code="k">Allgemeines</subfield>
   <subfield code="k">Medien- und Kommunikationswissenschaften, Medienkulturwissenschaft, Kommunikationsdesign</subfield>
   <subfield code="k">Tanz</subfield>
   <subfield code="k">Natur und Kultur des Tanzes, Forschung</subfield>
   <subfield code="k">Gymnastik, Rhythmik</subfield>
   <subfield code="0">(DE-627)1270693379</subfield>
   <subfield code="0">(DE-625)rvk/8030:</subfield>
   <subfield code="0">(DE-576)200693379</subfield>
  </datafield>
  <datafield tag="936" ind1="r" ind2="v">
   <subfield code="a">LR 55257</subfield>
   <subfield code="b">20. Jahrhundert</subfield>
   <subfield code="k">Musikwissenschaft</subfield>
   <subfield code="k">I. Musica theoretica</subfield>
   <subfield code="k">Sachteil: Musica theoretica (einschl. Realien mit geographischem Bezug)</subfield>
   <subfield code="k">Musikalische Elemente, Kompositionstechniken, Formfaktoren</subfield>
   <subfield code="k">Einzelne Elemente, Kompositionstechniken, Formfaktoren:</subfield>
   <subfield code="k">Rhythmik, Agogik, Metrik, Takt, Tempo (Zeitmaß), Zeit, Zeitgestalt</subfield>
   <subfield code="k">20. Jahrhundert</subfield>
   <subfield code="0">(DE-627)1349508543</subfield>
   <subfield code="0">(DE-625)rvk/109749:13535</subfield>
   <subfield code="0">(DE-576)279508549</subfield>
  </datafield>
  <datafield tag="936" ind1="r" ind2="v">
   <subfield code="a">EC 5410</subfield>
   <subfield code="b">Einzelne Stoffe und Motive</subfield>
   <subfield code="k">Allgemeine und vergleichende Sprach- und Literaturwissenschaft. Indogermanistik. Außereuropäische Sprachen und Literaturen</subfield>
   <subfield code="k">Allgemeine und vergleichende Literaturwissenschaft.</subfield>
   <subfield code="k">Literaturgeschichte</subfield>
   <subfield code="k">Stoff- und Motivgeschichte</subfield>
   <subfield code="k">Einzelne Stoffe und Motive</subfield>
   <subfield code="0">(DE-627)1270710796</subfield>
   <subfield code="0">(DE-625)rvk/20606:</subfield>
   <subfield code="0">(DE-576)200710796</subfield>
  </datafield>
  <datafield tag="936" ind1="b" ind2="k">
   <subfield code="a">20.06</subfield>
   <subfield code="j">Kunstphilosophie</subfield>
   <subfield code="j">Kunsttheorie</subfield>
   <subfield code="0">(DE-627)10641433X</subfield>
  </datafield>
  <datafield tag="936" ind1="b" ind2="k">
   <subfield code="a">24.75</subfield>
   <subfield code="j">Musiktheorie</subfield>
   <subfield code="0">(DE-627)106406507</subfield>
  </datafield>
  <datafield tag="951" ind1=" " ind2=" ">
   <subfield code="a">BO</subfield>
  </datafield>
  <datafield tag="990" ind1=" " ind2=" ">
   <subfield code="a">Rhythmus</subfield>
  </datafield>
  <datafield tag="990" ind1=" " ind2=" ">
   <subfield code="a">Begriff</subfield>
  </datafield>
  <datafield tag="990" ind1=" " ind2=" ">
   <subfield code="a">Zeitlichkeit</subfield>
  </datafield>
  <datafield tag="990" ind1=" " ind2=" ">
   <subfield code="a">Künste</subfield>
  </datafield>
  <datafield tag="990" ind1=" " ind2=" ">
   <subfield code="a">Ästhetik</subfield>
  </datafield>
  <datafield tag="991" ind1=" " ind2=" ">
   <subfield code="a">Rezensiertes Werk</subfield>
  </datafield>
  <datafield tag="999" ind1=" " ind2=" ">
   <subfield code="a">KXP-PPN172515322X</subfield>
   <subfield code="e">4284965301</subfield>
  </datafield>
 </record>
</collection>
